000 01218nam a2200325 a 4500
001 000111202
003 CHAP
005 20220329144202.0
008 150119s2014 mx sm |||||||spa d
010 _a107664
011 _a108636
040 _cCHAP
090 _aTesis
100 1 _aSolís García, Angelica
_9129021
245 1 0 _aEvaluación de herbicidas preemergentes en el cultivo de maíz blanco (Zea mays L.) en Pungarabato, Guerrero.
_h[En línea]
_cpor Angelica Solís García.
260 _aChapingo, Méx. :
_bEl autor,
_c2014.
500 _aPara ver el contenido del material haga clic en la liga
502 _aTesis (Ing. Agr. Esp. en Parasitología Agrícola) -- UACH. Departamento deParasitología Agrícola
590 _aE11695DGD
_b10
_c20150120
_lUCH01
_h1107
590 _aE5765TAJ
_b05
_c20150119
_lUCH01
_h0936
590 _aE5765TAJ
_b05
_c20150119
_lUCH01
_h0937
590 _aE5765TAJ
_b05
_c20150119
_lUCH01
_h0938
650 1 4 _aHerbicidas
_xAplicación.
_953692
650 1 4 _aMaíz
_xMalas hierbas
_xControl.
_971003
650 1 4 _aMaíz
_xVariedades.
_971081
856 _aFinding aid
_uhttp://10.13.5.2/tesis/sist111202.pdf
_zTeclea aquí
901 _aBK
942 _cTESIS
942 _n0
999 _c107664
_d107664